| 000 | 00564nam a2200181 u 4500 | ||
|---|---|---|---|
| 001 | 000505386 | ||
| 003 | AM-YeHGA | ||
| 005 | 20250617134739.0 | ||
| 008 | 061023s1977 ||||||||||||||||||||rus d | ||
| 040 | _aAM-YeHGA | ||
| 041 | 0 | _arus | |
| 100 | 1 | _aАхмеров, Узбек Шагабович | |
| 245 | 1 | 0 |
_aМетодологические вопросы бионики / _cУ.Ш. Ахмеров. |
| 260 |
_aКазань : _bИзд-во Казан. ун-та, _c1977. |
||
| 300 | _a70 с. | ||
| 650 | 1 | 4 | _aФилософские науки |
| 090 | _c188789 | ||
| 999 |
_c187324 _d187324 |
||